000 00765nmm a2200241 a 4500
001 ocm000703769
003 TR-IsHL
005 20201028142935.0
008 140118s2007 tu tur
007 cr cn
035 _a703769
_b(N$T)
050 0 4 _aR97
_b.D46 2007
090 0 4 _aR97
_b.D46 2007
245 1 0 _aDirger'in sesi: yıllık Türkçe tıp dergisi sayı 17
_h[electronic resource]
260 _aİstanbul :
_b[Yayınlayan yok],
_c2007
300 _a89 p.
650 4 _aTıp
650 4 _aMedicine
650 0 _aTıp
_x Türkiye
_x Süreli yayınlar
650 0 _aMedicine
_x Turkey
_x Periodicals
650 7 _aMEDICAL / General
_2bisacsh
856 4 0 _uhttp://search.ebscohost.com/login.aspx?direct=true&scope=site&db=e011xww&AN=703769
999 _c8630
_d8630